[Event "Barcelona Segura Memorial 1st"]
[Site "Barcelona"]
[Date "2021.11.24"]
[Round "9"]
[White "Gracia Vila, Frederic"]
[Black "Soto Balastegui, Victor"]
[Result "0-1"]
[WhiteElo "1594"]
[BlackElo "1804"]
[PlyCount "74"]
[EventDate "2021.09.29"]
[EventType "swiss"]
[EventRounds "9"]
[EventCountry "ESP"]
[SourceTitle "EXT 2023"]
[Source "ChessBase"]
[SourceDate "2022.10.05"]
[SourceVersion "1"]
[SourceVersionDate "2022.10.05"]
[SourceQuality "1"]

1. d4 Nf6 2. Bf4 d6 3. Nc3 g6 4. Qd2 Nc6 5. 0-0-0 a6 6. e4 Bg7 7. Bh6 0-0 8. h4 e5 9. Bxg7 Kxg7 10. d5 Ne7 11. h5 Nxh5 12. Be2 Nf4 13. g3 Nxe2+ 14. Ngxe2 Ng8 15. f4 Bg4 16. Rdf1 f5 17. fxe5 dxe5 18. Rh2 h5 19. Rhf2 Qd6 20. Qg5 Qe7 21. Qe3 Rad8 22. Kb1 Nh6 23. exf5 Nxf5 24. Qe4 Bxe2 25. Nxe2 Nd6 26. Qb4 Rxf2 27. Rxf2 Rf8 28. Qe1 Ne4 29. Rxf8 Kxf8 30. Nc3 Nxc3+ 31. Qxc3 Qf7 32. Qd3 e4 33. Qd1 Qf3 34. Qe1 e3 35. c4 Qe4+ 36. Ka1 Qxc4 37. Qb1 Qxd5 0-1

[Event "Barcelona 150 aniversity 1"]
[Site "Barcelona"]
[Date "2019.05.31"]
[Round "6.5"]
[White "Soto Balastegui, Victor"]
[Black "Vargas Drechsler, Carlos"]
[Result "0-1"]
[WhiteElo "1746"]
[BlackElo "1919"]
[PlyCount "60"]
[EventDate "2019.04.26"]
[EventType "swiss"]
[EventRounds "9"]
[EventCountry "ESP"]
[SourceTitle "EXT 2024"]
[Source "ChessBase"]
[SourceDate "2023.10.10"]
[SourceVersion "1"]
[SourceVersionDate "2023.10.10"]
[SourceQuality "1"]

1. e4 e5 2. f4 Nf6 3. Nc3 d5 4. fxe5 Nxe4 5. Nf3 Be7 6. d4 0-0 7. Bd3 Bf5 8. 0-0 c5 9. Qe1 Nc6 10. Be3 c4 11. Nd2 cxd3 12. Rxf5 dxc2 13. Ndxe4 dxe4 14. Qf2 g6 15. Rf4 f5 16. exf6 Bxf6 17. Qxc2 Nxd4 18. Qf2 Nf5 19. Nxe4 Bg7 20. Bc5 Rc8 21. Kh1 Re8 22. Rf1 b6 23. Bb4 Be5 24. Rxf5 gxf5 25. Qxf5 Qh4 26. g3 Qh6 27. Qf7+ Kh8 28. Bd2 Qc6 29. Qf3 Bxb2 30. Bc3+ Bxc3 0-1

[Event "Barcelona 150 aniversity 1"]
[Site "Barcelona"]
[Date "2019.05.03"]
[Round "2.4"]
[White "Molano Lafuente, Ismael"]
[Black "Soto Balastegui, Victor"]
[Result "1-0"]
[WhiteElo "1949"]
[BlackElo "1746"]
[PlyCount "61"]
[EventDate "2019.04.26"]
[EventType "swiss"]
[EventRounds "9"]
[EventCountry "ESP"]
[SourceTitle "EXT 2024"]
[Source "ChessBase"]
[SourceDate "2023.10.10"]
[SourceVersion "1"]
[SourceVersionDate "2023.10.10"]
[SourceQuality "1"]

1. Na3 e5 2. b3 d5 3. Bb2 f5 4. Bxe5 Nf6 5. Nb5 Na6 6. e3 c6 7. Nd4 Ng4 8. Bg3 Nc5 9. c4 Ne4 10. cxd5 cxd5 11. Bb5+ Kf7 12. Ngf3 Nxg3 13. hxg3 Bd6 14. Bd3 Qf6 15. Qc2 g6 16. Rc1 a6 17. Qc3 Bd7 18. Qa5 b5 19. Ke2 h5 20. Rc2 Qe7 21. Nc6 Qf6 22. Qb6 Ba3 23. Qb7 Qd6 24. b4 Rhe8 25. Rb1 Kg8 26. Rb3 Rac8 27. Ncd4 Bxb4 28. Rxb4 Qxb4 29. Qxd7 Rcd8 30. Qb7 Rd6 31. Ng5 1-0

[Event "Barcelona Tupinamba op 12th"]
[Site "Barcelona"]
[Date "2017.04.26"]
[Round "5.8"]
[White "Planella Sanchez, Jordi"]
[Black "Soto Balastegui, Victor"]
[Result "1-0"]
[WhiteElo "1979"]
[BlackElo "1775"]
[PlyCount "73"]
[EventDate "2017.03.22"]
[EventType "swiss"]
[EventRounds "9"]
[EventCountry "ESP"]
[SourceTitle "EXT 2024"]
[Source "ChessBase"]
[SourceDate "2023.10.10"]
[SourceVersion "1"]
[SourceVersionDate "2023.10.10"]
[SourceQuality "1"]

1. b3 b6 2. Bb2 Bb7 3. Nf3 Nf6 4. d4 e6 5. e3 Bb4+ 6. c3 Be7 7. Bd3 d6 8. Nbd2 h6 9. Qe2 Nbd7 10. c4 d5 11. 0-0-0 a5 12. a4 c5 13. Kb1 Ne4 14. cxd5 exd5 15. Ne5 0-0 16. f3 Nxd2+ 17. Rxd2 Nxe5 18. dxe5 c4 19. Bxc4 Bb4 20. Rdd1 Qg5 21. f4 Qg6+ 22. Bd3 Qe6 23. f5 Qc8 24. g4 Rd8 25. g5 hxg5 26. Qh5 d4 27. f6 gxf6 28. Qh7+ Kf8 29. Qh8+ Ke7 30. Qxf6+ Kf8 31. Qh6+ Ke7 32. Qxg5+ Kf8 33. Qh6+ Ke8 34. Bb5+ Ke7 35. Rhf1 Be4+ 36. Ka2 Bg6 37. Qg5+ 1-0

[Event "Cerdanyola del Valles op-A 32th"]
[Site "Cerdanyola del Valles"]
[Date "2014.??.??"]
[Round "1.9"]
[White "Garcia Acosta, Roger"]
[Black "Soto Balastegui, Victor"]
[Result "1-0"]
[WhiteElo "2052"]
[BlackElo "1842"]
[PlyCount "47"]
[EventDate "2014.10.04"]
[EventType "swiss"]
[EventRounds "8"]
[EventCountry "ESP"]
[SourceTitle "EXT 2024"]
[Source "ChessBase"]
[SourceDate "2023.10.10"]
[SourceVersion "1"]
[SourceVersionDate "2023.10.10"]
[SourceQuality "1"]

1. e4 g6 2. d4 d6 3. Nf3 c6 4. Be3 Nh6 5. Qd2 Ng4 6. Bf4 Nd7 7. h3 e5 8. Bg5 f6 9. hxg4 fxg5 10. Nxg5 Be7 11. Ne6 Qb6 12. Nc3 Nf6 13. Na4 Nxe4 14. Nxb6 Nxd2 15. Nxa8 Nxf1 16. Nec7+ Kd8 17. Rxf1 exd4 18. 0-0-0 Bxg4 19. Rxd4 h5 20. f3 Rf8 21. Re1 Bf5 22. g4 hxg4 23. fxg4 c5 24. gxf5 1-0

[Event "Terrassa op"]
[Site "Terrassa"]
[Date "1996.??.??"]
[Round "7"]
[White "Soto Balastegui, Victor"]
[Black "Garreta Martinez, Albert"]
[Result "1/2-1/2"]
[WhiteElo "2065"]
[BlackElo "2095"]
[PlyCount "93"]
[EventDate "1996.07.??"]
[EventType "swiss"]
[EventRounds "9"]
[EventCountry "ESP"]
[SourceTitle "EXT 2002"]
[Source "ChessBase"]
[SourceDate "2001.11.25"]
[SourceVersion "1"]
[SourceVersionDate "2001.11.25"]
[SourceQuality "1"]

1. d4 f5 2. Nc3 Nf6 3. h3 d5 4. Bf4 c6 5. Nf3 e6 6. a3 Bd6 7. e3 Bxf4 8. exf4 0-0 9. Bd3 Nbd7 10. Qe2 Ne4 11. Qe3 c5 12. Bxe4 fxe4 13. Ne5 cxd4 14. Qxd4 Rxf4 15. 0-0-0 Nxe5 16. Qxe5 Rf5 17. Qxe4 Qg5+ 18. Qe3 Bd7 19. g4 Qxe3+ 20. fxe3 Re5 21. e4 Bc6 22. exd5 exd5 23. Rh2 Kf7 24. Rf2+ Ke7 25. Rfd2 Rd8 26. Ne2 Rd7 27. Nd4 g6 28. Rd3 Kd8 29. c4 Kc7 30. b4 Ba4 31. R1d2 dxc4 32. Rc3 b5 33. Rf3 Re1+ 34. Kb2 Rde7 35. Nc2 Bxc2 36. Rxc2 Kd7 37. a4 R1e3 38. Rxe3 Rxe3 39. axb5 Rb3+ 40. Ka2 Rxb4 41. Ka3 Rb3+ 42. Ka4 Rxh3 43. Ka5 Ra3+ 44. Kb4 Rg3 45. Rxc4 h5 46. gxh5 gxh5 47. Rc5 1/2-1/2